Hrboľaté cesty k privatizácii zdravotníctva. 2. V zdravotníctve: privatizácia služieb je jedno a privatizácia majetku druhé.
Návrh na rozčlenenie zdravotníckych zariadení na neprivatizovateľné (posteľové s okresnou a vyššou pôsobnosťou, výskumné ústavy atď.) a privatizovateľné. Návrh praktického postupu privatizácie. - Materiál spracovaný pre Ministerstvo zdravotníctva SR v spt. 1992.
Salvato in:
| Autore principale: | |
|---|---|
| Natura: | Capitolo di libro |
| Lingua: | slovacco |
| Soggetti: | |
| Tags: |
Nessun Tag, puoi essere il primo ad aggiungerne!!
|
MARC
| LEADER | 00000naa a2200000 4500 | ||
|---|---|---|---|
| 001 | r012424 | ||
| 005 | 20220826094935.8 | ||
| 041 | 0 | |a slo | |
| 044 | |a SK | ||
| 245 | 1 | 0 | |a Hrboľaté cesty k privatizácii zdravotníctva. 2. |b V zdravotníctve: privatizácia služieb je jedno a privatizácia majetku druhé. |c P. Finďo |
| 520 | |a Návrh na rozčlenenie zdravotníckych zariadení na neprivatizovateľné (posteľové s okresnou a vyššou pôsobnosťou, výskumné ústavy atď.) a privatizovateľné. Návrh praktického postupu privatizácie. - Materiál spracovaný pre Ministerstvo zdravotníctva SR v spt. 1992. | ||
| 610 | 2 | 0 | |a zdravotníctvo |
| 610 | 2 | 0 | |a privatizácia |
| 610 | 2 | 0 | |a Slovensko |
| 610 | 2 | 0 | |a služby |
| 100 | 1 | |a Finďo, P. | |